logo

Bir Sreshtho Munshi Abdur Rouf Library
Jhenaidah Cadet College

মওলানা ভাসানী / (Record no. 4338)

MARC details
000 -LEADER
fixed length control field 00620nam a2200217 a 4500
001 - CONTROL NUMBER
JCCL Control Number 4338
003 - CONTROL NUMBER IDENTIFIER
JCCL marc code BD-JhCC
005 - DATE AND TIME OF LATEST TRANSACTION
control field 20171126164652.0
008 - FIXED-LENGTH DATA ELEMENTS--GENERAL INFORMATION
fixed length control field 171005s2008 bg |||| |||| 000 0 beg d
020 ## - INTERNATIONAL STANDARD BOOK NUMBER
International Standard Book Number 9789849076438
035 ## - SYSTEM CONTROL NUMBER
system control number (BD-JhCC)
040 ## - CATALOGING SOURCE
Original cataloging agency BD-JhCC
Modifying agency BD-JhCC
041 ## - LANGUAGE CODE
Language code of Book beg
082 ## - DEWEY DECIMAL CLASSIFICATION NUMBER
Classification number 920
Author mark and Year JAS 2008
100 ## - MAIN ENTRY--PERSONAL NAME
Personal name জসীম, প্রত্যয়
245 ## - TITLE STATEMENT
Title মওলানা ভাসানী /
Statement of responsibility, etc প্রত্যয় জসীম
260 ## - PUBLICATION, DISTRIBUTION, ETC. (IMPRINT)
Place of publication, distribution, etc ঢাকাঃ
Name of publisher, distributor, etc কথাপ্রকাশ,
Date of publication, distribution, etc ২০০৮।
300 ## - PHYSICAL DESCRIPTION
Pagination 63 p.;
Dimensions 22 cm
650 ## - SUBJECT ADDED ENTRY--TOPICAL TERM
Topical term or geographic name as entry element Biography
942 ## - ADDED ENTRY ELEMENTS (KOHA)
Source of classification or shelving scheme Dewey Decimal Classification
Koha item type Books
Holdings
Source of classification or shelving scheme Damaged status Not for loan Home library Current library Shelving location Date of accession Cost, normal purchase price Total Checkouts Full call number Barcode Date last seen Copy number Koha item type
Dewey Decimal Classification     JCC Rouf Library JCC Rouf Library General Stacks 11/26/2017 70.00   920 JAS 2008 6208 11/26/2017 C-1 Books

JCC Library | Contacts | JCC Home

Last Update on 23 September 2017
Copyright @ 2017-2020 JCC Rouf Library
Rouf Library, Jhenidah Cadet College (JCC), Bangladesh